Longman dictionary of grammar and usage
Gardado en:
| Autor Principal: | |
|---|---|
| Formato: | Libro |
| Idioma: | Undetermined |
| Publicado: |
London
Longman
2000
|
| Những chủ đề: | |
| Các nhãn: |
Engadir etiqueta
Sen Etiquetas, Sexa o primeiro en etiquetar este rexistro!
|
| Thư viện lưu trữ: | Trung tâm Học liệu Trường Đại học Cần Thơ |
|---|
| LEADER | 00572nam a2200193Ia 4500 | ||
|---|---|---|---|
| 001 | CTU_42475 | ||
| 008 | 210402s9999 xx 000 0 und d | ||
| 020 | |b 75.000đ | ||
| 082 | |a 428.24 | ||
| 082 | |b A291 | ||
| 100 | |a Kam Chuan Aik | ||
| 245 | 0 | |a Longman dictionary of grammar and usage | |
| 245 | 0 | |c Kam Chuan Aik, Kam Kai Hui | |
| 260 | |a London | ||
| 260 | |b Longman | ||
| 260 | |c 2000 | ||
| 650 | |a english language - grammar,english language - textbooks for foreign speakers | ||
| 904 | |i Minh, 010725 | ||
| 980 | |a Trung tâm Học liệu Trường Đại học Cần Thơ | ||